Logo BPK

Biblioteka

Politechniki Koszalińskiej

Angielski "No problem!" : (Rekord nr 52129)

Szczegóły MARC
000 -ETYKIETA REKORDU
podpole kontrolne o stałej długości 01083nam a2200265 i 4500
001 - NUMER KONTROLNY REKORDU
pole kontrolne bg
020 ## - MIĘDZYNARODOWY ZNORMALIZOWANY NUMER KSIĄŻKI - ISBN
ISBN 836019906X
020 ## - MIĘDZYNARODOWY ZNORMALIZOWANY NUMER KSIĄŻKI - ISBN
ISBN 9788360199060
040 ## - ŹRÓDŁO KATALOGOWANIA
Instytucja, która utworzyła rekord BPK
041 w# - KOD JĘZYKA
Kod języka tekstu engpol
080 ## - UNIWERSALNA KLASYFIKACJA DZIESIĘTNA - UKD
UKD 811.111(07)
920 ## - Międzynarodowy znormalizowany numer książki – ISBN
ISBN 83-60199-06-X
920 ## - Międzynarodowy znormalizowany numer książki – ISBN
ISBN 978-83-60199-06-0
008 - POLE O STAŁEJ DŁUGOŚCI - DANE KONTROLNE
podpole kontrolne o stałej długości s pl f |000 0 pol
100 1# - NAZWA OSOBOWA
Nazwa osobowa KRZYŻANOWSKI, Henryk
245 10 - TYTUŁ/ODPOWIEDZIALNOŚĆ
Tytuł Angielski "No problem!" :
Ciąg dalszy tytułu intensywny kurs do samodzielnej nauki, poziom podstawowy /
Pozostałe elementy strefy tytułu i oznaczenia odpowiedzialności Henryk Krzyżanowski.
260 ## - STREFA ADRESU WYDAWNICZEGO
Miejsce wydania Poznań :
Nazwa wydawcy/dystrybutora SuperMemo World,
Data publikacji, dystrybucji/powstania dokumentu 2006.
300 ## - STREFA OPISU FIZYCZNEGO
Objętość 217 s. ;
Rozmiary 19 cm +
Dokument towarzyszący CD ROM : program komputerowy, nagrania mp3.
500 ## - UWAGI OGÓLNE
Tekst uwagi Wymagania systemowe mp3: dowolny odtwarzacz mp3.
500 ## - UWAGI OGÓLNE
Tekst uwagi Wymagania systemowe do programu SuperMemo: procesor klasy Pentium lub nowszy, 64MB RAM,SVGA High Color 16-bitowy, rozdzielczość 800x600, napęd CD ROM, karta dźwiękowa, Windows 98 PL, 2000 PL, XP PL lub nowsze.
650 #9 - HASŁO PRZEDMIOTOWE W FORMIE NAZWY OGÓLNEJ LUB JEDNOSTKOWEJ
Nazwa ogólna lub geograficzna Język angielski
655 ## - TERMIN INDEKSOWY - OKREŚLENIE RODZAJU/FORMY DOKUMENTU
Określenie rodzaju/formy dokumentu Podręczniki
856 ## - LOKALIZACJA I DOSTĘP DO ELEKTRONICZNYCH DOKUMENTÓW ZDALNYCH
Link (URL) http://koha.tu.koszalin.pl/cgi-bin/koha/opac-detail.pl?biblionumber=52129
Tekst linku Katalog online BPK
942 ## - DODATKOWE ELEMENTY (KOHA)
Typ dokumentu Książka
Egzemplarze
Wycofany Status egzemplarza Uszkodzony Dostępność Lokalizacja stała Lokalizacja bieżąca Miejsce przechowywania Sygnatura Kod kreskowy Typ dokumentu Status: wypożyczony Ostatnio wypożyczono
      Dostępny Biblioteka Politechniki Koszalińskiej Biblioteka Politechniki Koszalińskiej Wypożyczalnia BG 80006 02320052 Książka    
      Dostępny Biblioteka Politechniki Koszalińskiej Biblioteka Politechniki Koszalińskiej Wypożyczalnia BG 80007 02320045 Książka    
      Dostępny Biblioteka Politechniki Koszalińskiej Biblioteka Politechniki Koszalińskiej Wypożyczalnia BG 80008 02320038 Książka 21.04.2027 24.04.2023
      Dostępny Biblioteka Politechniki Koszalińskiej Biblioteka Politechniki Koszalińskiej Wypożyczalnia BG CD 1358 02339870 Płyta CD    
      Dostępny Biblioteka Politechniki Koszalińskiej Biblioteka Politechniki Koszalińskiej Wypożyczalnia BG CD 1359 02339863 Płyta CD   11.03.2015
      Dostępny Biblioteka Politechniki Koszalińskiej Biblioteka Politechniki Koszalińskiej Wypożyczalnia BG CD 1360 02339856 Płyta CD 21.04.2027 24.04.2023
© 2023 Biblioteka Politechniki Koszalińskiej :: KOHA